| Tag |
First Indicator |
Second Indicator |
Subfields |
| LEADER |
00000cam a22000004a 4500 |
| 001 |
in00003402688 |
| 005 |
20190405202636.0 |
| 006 |
m d |
| 007 |
cr |||||||nn|n |
| 008 |
120719s2012 nmu o d eng d |
| 010 |
|
|
|z 2012028934
|
| 020 |
|
|
|a 9780826344564
|
| 020 |
|
|
|a 0826344569
|
| 020 |
|
|
|z 9780826344540 (cloth : alk. paper)
|
| 020 |
|
|
|z 0826344542
|
| 035 |
|
|
|a (MdBmJHUP)muse9780826344564
|
| 040 |
|
|
|a MdBmJHUP
|c MdBmJHUP
|d UtOrBLW
|
| 043 |
|
|
|a n-mx---
|
| 050 |
0 |
0 |
|a HC140.C6
|b B86 2012
|
| 082 |
0 |
0 |
|a 306.30972
|2 23
|
| 100 |
1 |
|
|a Bunker, Steven B.,
|d 1970-
|
| 245 |
1 |
0 |
|a Creating Mexican consumer culture in the age of Porfirio Díaz /
|c Steven B. Bunker.
|
| 264 |
|
1 |
|a Albuquerque :
|b University of New Mexico Press,
|c [2012]
|
| 264 |
|
4 |
|c ©2012
|
| 300 |
|
|
|a 1 online resource (364 pages)
|
| 336 |
|
|
|a text
|b txt
|2 rdacontent
|
| 337 |
|
|
|a computer
|b c
|2 rdamedia
|
| 338 |
|
|
|a online resource
|b cr
|2 rdacarrier
|
| 504 |
|
|
|a Includes bibliographical references and index.
|
| 505 |
0 |
|
|a Personalized progress: the production and marketing of the machine-rolled cigarette -- Selling in the city: the growth of popular advertising -- Capital investments: Porfirian department stores and the evolution of Mexico City retailing -- Modernizing capital: constant innovation and the expression of progress -- An all-consuming passion: desire, department stores, and the modernization of crime -- Hot diamonds, cold steel: the La Profesa Jewelry Store robbery -- Conclusion.
|
| 520 |
|
|
|a "This study shows how goods and consumption embodied modernity in the time of Porfirio Díaz. Through case studies of tobacco marketing, department stores, advertising, shoplifting, and a famous jewelry robbery and homicide, he provides a tour of daily life in Porfirian Mexico City, overturning conventional wisdom that only the middle and upper classes participated in this culture"--Provided by publisher.
|
| 588 |
|
|
|a Description based on print version record.
|
| 500 |
|
|
|a Electronic resource.
|
| 650 |
|
0 |
|a Consumption (Economics)
|z Mexico
|x History
|y 20th century.
|
| 650 |
|
0 |
|a Consumers
|z Mexico
|x History
|y 20th century.
|
| 651 |
|
0 |
|a Mexico
|x History
|y 1867-1910.
|
| 651 |
|
0 |
|a Mexico
|x Social conditions
|y 20th century.
|
| 651 |
|
0 |
|a Mexico
|x Commerce
|x History
|y 20th century.
|
| 600 |
1 |
0 |
|a Díaz, Porfirio,
|d 1830-1915.
|
| 655 |
|
7 |
|a Electronic books.
|2 local
|
| 856 |
4 |
0 |
|u http://proxy.library.tamu.edu/login?url=http://muse.jhu.edu/books/9780826344564/
|z Connect to the full text of this electronic book
|t 0
|
| 999 |
|
|
|a MARS
|
| 999 |
f |
f |
|s e820dfb1-e1ff-34af-8297-873336f46fde
|i b22eecee-327e-3a5e-b488-e5eac2b07cc5
|t 0
|
| 952 |
f |
f |
|a Texas A&M University
|b College Station
|c Electronic Resources
|d Available Online
|t 0
|e HC140.C6 B86 2012
|h Library of Congress classification
|
| 998 |
f |
f |
|a HC140.C6 B86 2012
|t 0
|l Available Online
|